Connecting biodiversity and climate change mitigation and adaptation : (Registro nro. 17798)
[ vista simple ]
| 000 -CABECERA | |
|---|---|
| Campo de control | 01473cam a2200325 a 4500 |
| 005 - FECHA Y HORA DE LA ULTIMA TRANSACCION | |
| Campo de control | 20180803170158.0 |
| 008 - ELEMENTOS DE LONGITUD FIJA—INFORMACION GENERAL | |
| Campo de control | 100825s2009 quca b i000 0 eng c |
| 020 ## - ISBN | |
| ISBN | 9789292251338 |
| 020 ## - ISBN | |
| ISBN | 9292251333 |
| 040 ## - FUENTE DE CATALOGACIÓN | |
| Agencia catalogadora original | WAU |
| Agencia transcriptora | WAU |
| Agencia Modificadora | WAU |
| -- | OCLCA |
| -- | DLC |
| 041 ## - IDIOMA | |
| Código de idioma para texto/pista de sonido o título separado | Inglés |
| 042 ## - AUTHENTICATION CODE | |
| Authentication code | pcc |
| -- | lcode |
| 082 ## - NUMERO DE CLASIFICACION DECIMAL DEWEY | |
| Número de clasificación | 577.2 |
| Número del ítem | D62c |
| 110 ## - ASIENTO PRINCIPAL--NOMBRE CORPORATIVO | |
| Nombre corporativo o de jurisdicción como elemento de entrada | Secretariat of the convention on biological diversity |
| 9 (RLIN) | 39543 |
| 245 00 - MENCION DE TITULO | |
| Título | Connecting biodiversity and climate change mitigation and adaptation : |
| Parte restante del título | report of the second Ad Hoc Technical Expert Group on Biodiversity and Climate Change. |
| 260 ## - PUBLICACION, DISTRIBUCION, ETC. (PIE DE IMPRENTA) | |
| Lugar de publicación, distribución, etc. | Montreal, Quebec, Canada : |
| Nombre del editor, distribuidor, etc. | Secretariat of the Convention on Biological Diversity, |
| Fecha de publicación, distribución, etc. | 2009. |
| 300 ## - DESCRIPCION FISICA | |
| Extensión | 126 p. : |
| Otros detalles físicos | ill. ; |
| Dimensiones | 28 cm. |
| 490 0# - MENCION DE SERIE | |
| Mención de serie | CBD technical series ; |
| Designación numérica/secuencial del volumen | no. 41 |
| 504 ## - NOTA DE BIBLIOGRAFIA, ETC. | |
| Nota de bibliografía | Includes bibliographical references (p. 108-126). |
| 650 #0 - ASIENTO SECUNDARIO DE MATERIA - TERMINO TEMATICO | |
| Término temático o nombre geográfico como elemento de entrada | Biodiversity |
| Subdivisión general | Climatic factors. |
| 9 (RLIN) | 39544 |
| 650 #0 - ASIENTO SECUNDARIO DE MATERIA - TERMINO TEMATICO | |
| Término temático o nombre geográfico como elemento de entrada | Climate change mitigation. |
| 9 (RLIN) | 39108 |
| 650 #0 - ASIENTO SECUNDARIO DE MATERIA - TERMINO TEMATICO | |
| Término temático o nombre geográfico como elemento de entrada | Greenhouse gas mitigation. |
| 9 (RLIN) | 39109 |
| 710 2# - ASIENTO SECUNDARIO - NOMBRE CORPORATIVO | |
| Nombre corporativo o de jurisdicción como elemento de entrada | Conference of the Parties to the Convention on Biological Diversity. |
| Unidad subordinada | Ad Hoc Technical Expert Group on Biodiversity and Climate Change. |
| 9 (RLIN) | 39545 |
| 710 2# - ASIENTO SECUNDARIO - NOMBRE CORPORATIVO | |
| Nombre corporativo o de jurisdicción como elemento de entrada | Secretariat of the Convention on Biological Diversity. |
| 9 (RLIN) | 101048 |
| 830 #0 - ASIENTO SECUNDARIO DE SERIE--TITULO UNIFORME | |
| Volume number/sequential designation | no. 41. |
| 856 41 - LOCALIZACION Y ACCESO ELECTRONICOS | |
| Identificador Uniforme del Recurso | http://www.cbd.int/doc/publications/cbd-ts-41-en.pdf |
| 906 ## - LOCAL DATA ELEMENT F, LDF (RLIN) | |
| a | 7 |
| b | cbc |
| c | pccadap |
| d | 3 |
| e | ncip |
| f | 20 |
| g | y-gencatlg |
| 942 ## - ELEMENTOS ADICIONALES (KOHA) | |
| Sistema de clasificación | Dewey Decimal Classification |
| Tipo de ítem | Libro |
| Withdrawn status | Lost status | Sistema de Clasificación | Damaged status | No para préstamo | Colección | Inventariado | Ubicación Permanente | Ubicación actual | Fecha de adquisición | Fuente de Valor | Valor | Total Checkouts | Número topográfico | Inventario / Código de Barras | Date last seen | Ejemplar | Price effective from | Forma de adquisición | Tipo de material |
|---|---|---|---|---|---|---|---|---|---|---|---|---|---|---|---|---|---|---|---|
| Dewey Decimal Classification | General | Inventariado 2017 | Bogotá | Bogotá | 21/09/2015 | Instituto | 39000.00 | LB-577.2 D62c | 035214 | 21/09/2015 | Ej. 1 | 21/09/2015 | Libro |